000 00538cam a2200181 4500500
005 20260329005453.0
041 _afre
042 _adc
100 1 0 _aLarmagnac-Matheron, Octave
_eauthor
245 0 0 _a“Gemütlichkeit”
260 _c2023.
500 _a37
690 _aAllemand
690 _aBonheur
690 _aRelaxation
786 0 _nPhilosophie magazine | 173 | 10 | 2023-10-01 | p. 53-53 | 1951-1787
856 4 1 _uhttps://shs.cairn.info/magazine-philosophie-magazine-2023-10-page-53?lang=fr&redirect-ssocas=7080
999 _c1843711
_d1843711